Evvel (Record no. 1201)

000 -LEADER
fixed length control field 00536nam a22001817a 4500
008 - FIXED-LENGTH DATA ELEMENTS--GENERAL INFORMATION
fixed length control field 170725b xxu||||| |||| 00| p tur d
020 ## - INTERNATIONAL STANDARD BOOK NUMBER
International Standard Book Number 9750810430
041 ## - LANGUAGE CODE
Language code of text/sound track or separate title Türkçe
050 ## - LIBRARY OF CONGRESS CALL NUMBER
Classification number PL248.E7424
100 ## - MAIN ENTRY--PERSONAL NAME
9 (RLIN) 526
Personal name Ömer Erdem
245 ## - TITLE STATEMENT
Title Evvel
250 ## - EDITION STATEMENT
Edition statement 1. baskı
260 ## - PUBLICATION, DISTRIBUTION, ETC.
Place of publication, distribution, etc. İstanbul
Name of publisher, distributor, etc. Yapı Kredi Yayınları
Date of publication, distribution, etc. Ocak 2006
300 ## - PHYSICAL DESCRIPTION
Extent 79 Sayfa
500 ## - GENERAL NOTE
General note Yapı Kredi Yayınları 2289; Şiir: 200

El yazısı ile yazılmış notlar ve değerlendirmeler mevcuttur.
650 #0 - SUBJECT ADDED ENTRY--TOPICAL TERM
9 (RLIN) 145
Topical term or geographic name entry element Türk Edebiyatı
942 ## - ADDED ENTRY ELEMENTS (KOHA)
Source of classification or shelving scheme
Koha item type Books
Holdings
Withdrawn status Lost status Source of classification or shelving scheme Damaged status Not for loan Permanent Location Current Location Shelving location Date acquired Full call number Barcode Date last seen Price effective from Koha item type
        Ödünç verilemez İmren Ahmet Tüzün Kütüphanesi İmren Ahmet Tüzün Kütüphanesi Ahmet Tüzün 2017-08-16 PL248.E7424 100100001179 2017-08-16 2017-08-16 Books

This software was implemented, installed and managed by Devinim Software Training Consulting .